Nhìn sắc nhận người /
Сохранить в:
| Другие авторы: | |
|---|---|
| Формат: | Sách giấy |
| Язык: | Vietnamese |
| Опубликовано: |
H. :
Văn hoá - Thông tin,
2008.
|
| Предметы: | |
| Метки: |
Добавить метку
Нет меток, Требуется 1-ая метка записи!
|
| Thư viện lưu trữ: | Thư viện Trường Đại học Đà Lạt |
|---|
| LEADER | 00711nam a2200301 4500 | ||
|---|---|---|---|
| 001 | DLU090065467 | ||
| 005 | ##20090326 | ||
| 040 | # | # | |a DLU |b vie |
| 041 | # | # | |a vie |
| 044 | # | # | |a vn |
| 082 | # | # | |a 155.23 |b Nhi |
| 245 | # | # | |a Nhìn sắc nhận người / |c Hà Linh biên soạn. |
| 260 | # | # | |a H. : |b Văn hoá - Thông tin, |c 2008. |
| 300 | # | # | |a 347 tr. ; |c 21 cm. |
| 653 | # | # | |a Tâm lý học cá nhân |
| 653 | # | # | |a Tính cách |
| 700 | # | # | |a Hà Linh, |e biên soạn. |
| 923 | # | # | |a 22/2008 |
| 991 | # | # | |a SH |
| 992 | # | # | |a 49000 |
| 994 | # | # | |a DLU |
| 900 | # | # | |a True |
| 911 | # | # | |a Đào Thị Thu Huyền |
| 925 | # | # | |a G |
| 926 | # | # | |a A |
| 927 | # | # | |a SH |
| 980 | # | # | |a Thư viện Trường Đại học Đà Lạt |